000 00652nam a2200193Ia 4500
003 GCL
008 140319s9999 xx 000 0 ara d
040 _aGCL /
_cGCL
082 0 4 _a155
_bس ن
100 1 _aسيد محمود الطواب
245 1 0 _aالنمو الانسانى : اسسه وتطبيقاته /
_cسيد محمود الطواب
260 _aالقاهرة :
_bدار المعرفة الجامعية ،
_c1995
300 _a480 ص ؛
_c24 سم
650 0 4 _aالمراهقة
650 0 4 _aالاطفال - نمو
650 0 4 _aعلم النفس الارتقائى
650 0 4 _aالاطفال - علم نفس
942 _2ddc
_cBK
999 _c43230
_d43230